00546naa a2200157 i 45000010005000000030009000050050017000140080041000310400036000720410008001080440008001161000032001242450124001566580028002807730080003087694KOSZ 00520191005125047.0160816s2009 gw ||||f |||| 00| ||eng d cKOSZ 005aKOSZ 005dKOSZ 005/HR aeng aDEU aAndriyevskyy, BohdaneAutor aElectronic structure and related properties of the ferroelectric crystal triglycine sulfate /cB. Andriyevsky, K. Doll. aInżynieria i technika0 iW :tJournal of Physics and Chemistry of Solids. -g2009, Vol. 70, s. 84-91